[Event "CAN-op"]
[Site "Winnipeg CAN"]
[Date "1997.07.14"]
[Round "4"]
[White "Schulz, Waldemar"]
[Black "Kulczycki, Michael"]
[Result "1/2-1/2"]
[WhiteElo "2022"]
[BlackElo "1722"]
[PlyCount "87"]
[GameId "2160767911932620"]
[EventDate "1997.07.12"]
[EventType "swiss"]
[EventRounds "10"]
[EventCountry "CAN"]
[SourceTitle "EXP 60"]
[Source "ChessBase"]
[SourceDate "1997.11.24"]
[SourceVersion "1"]
[SourceVersionDate "1997.11.24"]
[SourceQuality "1"]

1. Nf3 d5 2. g3 g6 3. Bg2 Bg7 4. d4 Nf6 5. O-O O-O 6. c4 c6 7. Nc3 Ne4 8. e3 Nxc3 9. bxc3 Nd7 10. cxd5 cxd5 11. Qb3 e6 12. Ba3 Re8 13. Nd2 Qb6 14. Rab1 Qxb3 15. Rxb3 b6 16. c4 Ba6 17. Rc1 Rac8 18. Rbc3 Nf6 19. c5 bxc5 20. Bxc5 Bf8 21. Nb3 Bc4 22. Bxf8 Kxf8 23. Nc5 Rb8 24. Bf1 Bxf1 25. Kxf1 Rb2 26. Ra3 Ng4 27. Nd3 Rb7 28. h3 Nf6 29. Nc5 Rb2 30. Rxa7 Ne4 31. Nd3 Rd2 32. Ra3 Rb8 33. Ke1 h5 34. f3 Rh2 35. fxe4 dxe4 36. Rd1 exd3 37. Raxd3 Rbb2 38. R3d2 Rxa2 39. Rxa2 Rxa2 40. Kf1 Rh2 41. h4 Rh1+ 42. Ke2 Rxd1 43. Kxd1 Ke7 44. Ke2 1/2-1/2

[Event "CAN-op"]
[Site "Winnipeg CAN"]
[Date "1997.07.14"]
[Round "4"]
[White "Sekhar, Ganesan"]
[Black "Sasata, Robert"]
[Result "1/2-1/2"]
[WhiteElo "1949"]
[BlackElo "2317"]
[PlyCount "81"]
[GameId "2160767911932621"]
[EventDate "1997.07.12"]
[EventType "swiss"]
[EventRounds "10"]
[EventCountry "CAN"]
[SourceTitle "EXP 60"]
[Source "ChessBase"]
[SourceDate "1997.11.24"]
[SourceVersion "1"]
[SourceVersionDate "1997.11.24"]
[SourceQuality "1"]

1. e4 e5 2. Nf3 Nc6 3. Bb5 a6 4. Ba4 Nf6 5. O-O Nxe4 6. Re1 Nc5 7. Bxc6 dxc6 8. Nxe5 Be7 9. d4 Ne6 10. Be3 O-O 11. c4 f6 12. Nf3 g6 13. Nc3 Ng7 14. Qb3 Bg4 15. Nd2 Qd7 16. f3 Be6 17. d5 cxd5 18. cxd5 Bf7 19. Nde4 b6 20. Rad1 Nf5 21. Bf2 Rfd8 22. Rd2 Ng7 23. Qd1 f5 24. d6 fxe4 25. dxe7 Qxe7 26. Rxe4 Qg5 27. Be3 Rxd2 28. Qxd2 Qf5 29. Rf4 Qe6 30. Re4 Qf5 31. Rf4 Qe6 32. Re4 Qc6 33. Rd4 Nf5 34. Rd8+ Rxd8 35. Qxd8+ Qe8 36. Qxe8+ Bxe8 37. Bf4 c5 38. Kf2 Bc6 39. Bc7 b5 40. Bb6 c4 41. a3 1/2-1/2

[Event "CAN-op"]
[Site "Winnipeg CAN"]
[Date "1997.07.14"]
[Round "4"]
[White "Spraggett, Kevin"]
[Black "Gentes, Kevin"]
[Result "1-0"]
[WhiteElo "2617"]
[BlackElo "2385"]
[PlyCount "86"]
[GameId "2160767911932623"]
[EventDate "1997.07.12"]
[EventType "swiss"]
[EventRounds "10"]
[EventCountry "CAN"]
[SourceTitle "EXP 60"]
[Source "ChessBase"]
[SourceDate "1997.11.24"]
[SourceVersion "1"]
[SourceVersionDate "1997.11.24"]
[SourceQuality "1"]

1. c4 e6 2. Nf3 d5 3. d4 c5 4. cxd5 exd5 5. g3 Nc6 6. Bg2 Nf6 7. O-O Be7 8. Nc3 O-O 9. Bg5 cxd4 10. Nxd4 h6 11. Be3 Re8 12. Rc1 Be6 13. Qa4 Qd7 14. Nxe6 fxe6 15. Rcd1 Bf8 16. Ne4 Nxe4 17. Bxe4 Qf7 18. Bb1 g6 19. f4 Bg7 20. Qb5 a6 21. Qb6 Bf6 22. Bf2 Rad8 23. e4 Rd7 24. Rfe1 Red8 25. e5 Bg7 26. Qb3 Ne7 27. Bb6 Rc8 28. Rc1 Rc6 29. Rxc6 Nxc6 30. Qd3 Kh7 31. Bc5 Rd8 32. h4 h5 33. g4 hxg4 34. h5 Kg8 35. Qxg6 Qxg6 36. Bxg6 Rc8 37. Bf2 Ne7 38. Bd3 Kf7 39. Kg2 Rh8 40. Rc1 Rxh5 41. Rc7 Bf8 42. Rxb7 Kg8 43. Bc5 Nc6 1-0

[Event "CAN-op"]
[Site "Winnipeg CAN"]
[Date "1997.07.14"]
[Round "4"]
[White "Stefansson, Hannes"]
[Black "Murey, Jacob"]
[Result "1/2-1/2"]
[WhiteElo "2545"]
[BlackElo "2440"]
[PlyCount "56"]
[GameId "2160767911932624"]
[EventDate "1997.07.12"]
[EventType "swiss"]
[EventRounds "10"]
[EventCountry "CAN"]
[SourceTitle "EXP 60"]
[Source "ChessBase"]
[SourceDate "1997.11.24"]
[SourceVersion "1"]
[SourceVersionDate "1997.11.24"]
[SourceQuality "1"]

1. e4 c5 2. Nf3 d6 3. d4 cxd4 4. Nxd4 Nf6 5. Nc3 e6 6. Be2 Be7 7. O-O O-O 8. f4 Nc6 9. Be3 Bd7 10. Bf3 Nxd4 11. Qxd4 Bc6 12. a4 d5 13. e5 Ne4 14. Nxe4 dxe4 15. Qxd8 Rfxd8 16. Be2 f5 17. b3 h6 18. Rfd1 g5 19. Rxd8+ Rxd8 20. g3 gxf4 21. gxf4 a6 22. Kf2 Bh4+ 23. Kf1 Be7 24. Rd1 Rxd1+ 25. Bxd1 Bb4 26. Ke2 Be8 27. Kf2 Bc3 28. Be2 b5 1/2-1/2

[Event "CAN-op"]
[Site "Winnipeg CAN"]
[Date "1997.07.14"]
[Round "4"]
[White "Teodoro, Eduardo"]
[Black "Fielding, Gerald"]
[Result "0-1"]
[WhiteElo "2471"]
[BlackElo "2213"]
[PlyCount "86"]
[GameId "2160767911932625"]
[EventDate "1997.07.12"]
[EventType "swiss"]
[EventRounds "10"]
[EventCountry "CAN"]
[SourceTitle "EXP 60"]
[Source "ChessBase"]
[SourceDate "1997.11.24"]
[SourceVersion "1"]
[SourceVersionDate "1997.11.24"]
[SourceQuality "1"]

1. e4 c5 2. Nf3 Nc6 3. d4 cxd4 4. Nxd4 e6 5. c4 Nf6 6. Nc3 Bb4 7. Nxc6 bxc6 8. Bd3 O-O 9. O-O e5 10. Bg5 Be7 11. Be3 d6 12. h3 Be6 13. Qc2 Nh5 14. Qd2 g5 15. Rfd1 Nf4 16. Bf1 Kh8 17. Kh2 Rg8 18. g3 Qf8 19. f3 Qh6 20. g4 Qf6 21. Ne2 Bxc4 22. Nxf4 gxf4 23. Bxc4 fxe3 24. Qxe3 Rg6 25. Rg1 Qg7 26. Qb3 Qh6 27. Rg2 Bg5 28. Re1 Bd2 29. Rh1 Bf4+ 30. Kg1 Be3+ 31. Kf1 d5 32. Ke2 Bd4 33. exd5 cxd5 34. Bxd5 Rb6 35. g5 Qg6 36. Qd1 Rc8 37. Be4 Qd6 38. Kf1 Qb4 39. Rc2 Rxc2 40. Qxc2 Qxb2 41. Rh2 Qa1+ 42. Ke2 Rb2 43. Kd3 Rxc2 0-1

[Event "CAN-op"]
[Site "Winnipeg CAN"]
[Date "1997.07.14"]
[Round "4"]
[White "Tetrault, Robert"]
[Black "Kollar, Frank"]
[Result "0-1"]
[WhiteElo "1702"]
[BlackElo "2157"]
[PlyCount "38"]
[GameId "2160767911932626"]
[EventDate "1997.07.12"]
[EventType "swiss"]
[EventRounds "10"]
[EventCountry "CAN"]
[SourceTitle "EXP 60"]
[Source "ChessBase"]
[SourceDate "1997.11.24"]
[SourceVersion "1"]
[SourceVersionDate "1997.11.24"]
[SourceQuality "1"]

1. e4 c5 2. Nc3 Nc6 3. Bc4 e6 4. d3 Nf6 5. Bg5 Be7 6. Bxf6 Bxf6 7. Nf3 O-O 8. Qd2 a6 9. a3 d5 10. exd5 Bxc3 11. Qxc3 exd5 12. Bb3 Re8+ 13. Kd2 c4 14. Ba2 b5 15. b3 d4 16. Nxd4 Nxd4 17. Rhe1 Qg5+ 18. Kd1 Bg4+ 19. f3 Nxf3 0-1

[Event "CAN-op"]
[Site "Winnipeg CAN"]
[Date "1997.07.14"]
[Round "4"]
[White "Tuason, Alfred"]
[Black "Strojevs, Alexander"]
[Result "0-1"]
[WhiteElo "1576"]
[BlackElo "1792"]
[PlyCount "88"]
[GameId "2160767911932627"]
[EventDate "1997.07.12"]
[EventType "swiss"]
[EventRounds "10"]
[EventCountry "CAN"]
[SourceTitle "EXT 2022"]
[Source "ChessBase"]
[SourceDate "2021.10.06"]
[SourceVersion "1"]
[SourceVersionDate "2021.10.06"]
[SourceQuality "1"]

1. e4 c5 2. Nf3 d6 3. d4 cxd4 4. Nxd4 Nf6 5. Nc3 g6 6. Bc4 Bg7 7. Be3 Nc6 8. O-O Bd7 9. a3 O-O 10. Qd2 a6 11. h3 Rc8 12. Ba2 Ne5 13. Bh6 Nc4 14. Bxc4 Rxc4 15. Bxg7 Kxg7 16. Kh1 Qb6 17. Nb3 Rfc8 18. f3 Nh5 19. Qg5 f6 20. Qh4 Be6 21. Rad1 Qe3 22. Nd5 Bxd5 23. Rxd5 Rxc2 24. Nd4 Rc1 25. Ne6+ Kf7 26. Rdd1 Rxd1 27. Rxd1 Kxe6 28. Qg4+ f5 29. exf5+ gxf5 30. Qxh5 Rc1 31. Rxc1 Qxc1+ 32. Kh2 Qf4+ 33. Kh1 h6 34. Qg6+ Kd7 35. Qg7 d5 36. Qc3 d4 37. Qb3 Qc1+ 38. Kh2 Qc5 39. Kh1 b5 40. Kh2 e6 41. Qd3 Qc7+ 42. g3 Qc4 43. Qxc4 bxc4 44. Kg2 c3 0-1

[Event "CAN-op"]
[Site "Winnipeg CAN"]
[Date "1997.07.14"]
[Round "4"]
[White "Udarbe, Steve"]
[Black "Lipnowski, Irwin"]
[Result "0-1"]
[WhiteElo "1967"]
[BlackElo "2382"]
[PlyCount "104"]
[GameId "2160767911932628"]
[EventDate "1997.07.12"]
[EventType "swiss"]
[EventRounds "10"]
[EventCountry "CAN"]
[SourceTitle "EXP 60"]
[Source "ChessBase"]
[SourceDate "1997.11.24"]
[SourceVersion "1"]
[SourceVersionDate "1997.11.24"]
[SourceQuality "1"]

1. d4 Nf6 2. e3 g6 3. Nf3 Bg7 4. Be2 O-O 5. c4 d6 6. Nc3 Nbd7 7. O-O e5 8. Qc2 Re8 9. Rd1 e4 10. Nd2 Qe7 11. b4 Nf8 12. h3 h5 13. Bb2 Bf5 14. Nf1 h4 15. Nh2 Qd7 16. a4 N8h7 17. Bf1 Ng5 18. Qe2 Qe7 19. b5 c5 20. dxc5 dxc5 21. Nd5 Nxd5 22. cxd5 Rad8 23. Rac1 b6 24. Bxg7 Kxg7 25. Qb2+ Qe5 26. Qa2 Rd6 27. Bc4 Red8 28. Qe2 Nh7 29. f4 exf3 30. Nxf3 Qe7 31. Re1 Be4 32. Qb2+ Kg8 33. Qf2 g5 34. Nh2 Re8 35. Rcd1 Nf6 36. Rf1 Nh5 37. Ng4 f5 38. Nh2 Ng3 39. Rfe1 Qe5 40. Nf3 Qf6 41. Nh2 Kg7 42. Nf1 Qe5 43. a5 Red8 44. axb6 axb6 45. Qa2 R8d7 46. Nh2 Kg6 47. Qa8 Rd8 48. Qb7 Qc3 49. Ra1 Qxc4 50. Ra7 R8d7 51. Qb8 Qc3 52. Qe8+ Kh6 0-1

[Event "CAN-op"]
[Site "Winnipeg CAN"]
[Date "1997.07.14"]
[Round "4"]
[White "Vukadinov, Milan"]
[Black "Panken, Richard"]
[Result "1-0"]
[WhiteElo "2396"]
[BlackElo "2140"]
[PlyCount "109"]
[GameId "2160767911932629"]
[EventDate "1997.07.12"]
[EventType "swiss"]
[EventRounds "10"]
[EventCountry "CAN"]
[SourceTitle "EXP 60"]
[Source "ChessBase"]
[SourceDate "1997.11.24"]
[SourceVersion "1"]
[SourceVersionDate "1997.11.24"]
[SourceQuality "1"]

1. d4 d5 2. c4 c6 3. Nf3 Nf6 4. Nc3 e6 5. Bg5 h6 6. Bxf6 Qxf6 7. e3 Nd7 8. Qc2 g6 9. Be2 Bg7 10. O-O O-O 11. e4 dxe4 12. Nxe4 Qe7 13. Rfe1 Nf6 14. Bd3 Rd8 15. Rad1 Qc7 16. Qc1 Nxe4 17. Bxe4 b6 18. h4 f5 19. Bc2 c5 20. dxc5 Rxd1 21. Bxd1 bxc5 22. Qe3 Rb8 23. b3 Rb6 24. Ne5 Kh7 25. Qg3 Bxe5 26. Qxe5 Qxe5 27. Rxe5 Rc6 28. f4 h5 29. Kf2 Kg7 30. Ke3 Kf7 31. Kd2 Ke7 32. Kc3 a5 33. a3 Ba6 34. Be2 Kd6 35. b4 axb4+ 36. axb4 Bc8 37. g3 Rc7 38. Bd3 Ba6 39. Re2 Bb7 40. Rd2 Ke7 41. bxc5 Rxc5 42. Kb4 Rc7 43. Bc2 Bf3 44. Ba4 Bb7 45. Bb5 Be4 46. Ra2 Bf3 47. Ra6 Be4 48. Kc3 Bg2 49. Kd4 Bf3 50. c5 Rb7 51. Rb6 Ra7 52. Ke5 Ra1 53. Rxe6+ Kf7 54. Be8+ Kf8 55. Bxg6 1-0

[Event "CAN-op"]
[Site "Winnipeg CAN"]
[Date "1997.07.14"]
[Round "4"]
[White "Wu, Douglas"]
[Black "Baragar, Fletcher"]
[Result "0-1"]
[WhiteElo "1961"]
[BlackElo "2371"]
[PlyCount "49"]
[GameId "2160767911932630"]
[EventDate "1997.07.12"]
[EventType "swiss"]
[EventRounds "10"]
[EventCountry "CAN"]
[SourceTitle "EXP 60"]
[Source "ChessBase"]
[SourceDate "1997.11.24"]
[SourceVersion "1"]
[SourceVersionDate "1997.11.24"]
[SourceQuality "1"]

1. e4 c5 2. Nf3 Nc6 3. d4 cxd4 4. Nxd4 Nf6 5. Nc3 d6 6. Bg5 e6 7. Qd2 a6 8. O-O-O h6 9. Be3 Be7 10. f4 Bd7 11. Bd3 b5 12. h3 Nxd4 13. Bxd4 b4 14. Ne2 e5 15. Be3 Qa5 16. Bc4 Rc8 17. Qd3 O-O 18. fxe5 dxe5 19. Qb3 Ba4 20. Qd3 Rfd8 21. Bd5 Nxd5 22. exd5 Bxc2 23. Qxc2 Rxc2+ 24. Kxc2 Qxa2 25. Rc1 0-1

[Event "CAN-op"]
[Site "Winnipeg CAN"]
[Date "1997.07.15"]
[Round "5"]
[White "Babb, Jeff"]
[Black "Sasikiran, Krishnan"]
[Result "0-1"]
[WhiteElo "2213"]
[BlackElo "2430"]
[PlyCount "82"]
[GameId "2160767911932632"]
[EventDate "1997.07.12"]
[EventType "swiss"]
[EventRounds "10"]
[EventCountry "CAN"]
[SourceTitle "EXP 60"]
[Source "ChessBase"]
[SourceDate "1997.11.24"]
[SourceVersion "1"]
[SourceVersionDate "1997.11.24"]
[SourceQuality "1"]

1. e4 c5 2. Nc3 e6 3. g3 d5 4. exd5 exd5 5. Bg2 Nf6 6. Nge2 d4 7. Ne4 Nxe4 8. Bxe4 Be7 9. c3 dxc3 10. bxc3 Nd7 11. O-O O-O 12. Nf4 Nf6 13. Bg2 Rb8 14. d4 b6 15. Be3 cxd4 16. Bxd4 Bd6 17. Nh5 Nxh5 18. Qxh5 h6 19. Rad1 Qc7 20. Rfe1 Be6 21. f4 Bxa2 22. Qg4 f6 23. Be4 Kh8 24. Rd2 Bg8 25. Red1 Bc5 26. Qf5 Rbe8 27. Kg2 Qc8 28. Qxc8 Rxc8 29. Bxc5 Rxc5 30. Rd7 f5 31. Bf3 Rxc3 32. Rxa7 Rc2+ 33. Kh3 g5 34. fxg5 hxg5 35. g4 Rc3 36. Kg2 Rc2+ 37. Kg1 fxg4 38. Bxg4 Rff2 39. Ra8 Rg2+ 40. Kf1 Rxh2 41. Rdd8 Rh1# 0-1

[Event "CAN-op"]
[Site "Winnipeg CAN"]
[Date "1997.07.15"]
[Round "5"]
[White "Baquero, Luis"]
[Black "Gustafson, Dale"]
[Result "1-0"]
[WhiteElo "2365"]
[BlackElo "2025"]
[PlyCount "35"]
[GameId "2160767911932633"]
[EventDate "1997.07.12"]
[EventType "swiss"]
[EventRounds "10"]
[EventCountry "CAN"]
[SourceTitle "CBM 060 Extra"]
[Source "ChessBase"]
[SourceDate "1997.11.04"]
[SourceVersion "1"]
[SourceVersionDate "1997.11.04"]
[SourceQuality "1"]

1. d4 d5 2. c4 dxc4 3. e4 Nc6 4. Be3 Nf6 5. f3 e6 6. Bxc4 Bb4+ 7. Nc3 O-O 8. Nge2 a6 9. a3 Be7 10. b4 b5 11. Bd3 Bb7 12. O-O Re8 13. e5 Nd5 14. Nxd5 Qxd5 15. Be4 Qd7 16. Qc2 g6 17. Rac1 Nxb4 18. axb4 1-0

[Event "CAN-op"]
[Site "Winnipeg CAN"]
[Date "1997.07.15"]
[Round "5"]
[White "Baragar, Fletcher"]
[Black "Gibbons, Michael"]
[Result "1-0"]
[WhiteElo "2371"]
[BlackElo "2016"]
[PlyCount "83"]
[GameId "2160767911932634"]
[EventDate "1997.07.12"]
[EventType "swiss"]
[EventRounds "10"]
[EventCountry "CAN"]
[SourceTitle "EXP 60"]
[Source "ChessBase"]
[SourceDate "1997.11.24"]
[SourceVersion "1"]
[SourceVersionDate "1997.11.24"]
[SourceQuality "1"]

1. d4 d6 2. e4 Nf6 3. Nc3 g6 4. g3 Bg7 5. Bg2 O-O 6. h3 c6 7. a4 e5 8. Nge2 Qc7 9. O-O Ne8 10. Be3 f5 11. dxe5 dxe5 12. Qd2 Be6 13. a5 Nd7 14. a6 Rb8 15. exf5 gxf5 16. Bxa7 Ra8 17. axb7 Qxb7 18. Be3 Rxa1 19. Rxa1 Qxb2 20. Rb1 Qa3 21. Bxc6 Ndf6 22. Bg2 Nd6 23. Bh6 f4 24. Bxg7 Kxg7 25. gxf4 Nc4 26. Qd3 exf4 27. Nxf4 Bf7 28. Qd4 Qd6 29. Ncd5 Ne5 30. Rb6 Nc6 31. Qxf6+ Qxf6 32. Nxf6 Nd4 33. N6h5+ Kg8 34. c3 Bxh5 35. Bd5+ Kh8 36. Nxh5 Ne2+ 37. Kf1 Nxc3 38. Bb7 Rf5 39. Ng3 Nd5 40. Re6 Ne7 41. Rxe7 Rc5 42. Ne4 1-0

[Event "CAN-op"]
[Site "Winnipeg CAN"]
[Date "1997.07.15"]
[Round "5"]
[White "Ditt, Egon"]
[Black "Llanillos, Ruben"]
[Result "1-0"]
[WhiteElo "2250"]
[BlackElo "1733"]
[PlyCount "45"]
[GameId "2160767911932635"]
[EventDate "1997.07.12"]
[EventType "swiss"]
[EventRounds "10"]
[EventCountry "CAN"]
[SourceTitle "EXP 60"]
[Source "ChessBase"]
[SourceDate "1997.11.24"]
[SourceVersion "1"]
[SourceVersionDate "1997.11.24"]
[SourceQuality "1"]

1. c4 e5 2. Nc3 Nf6 3. g3 Be7 4. Bg2 c6 5. d4 exd4 6. Qxd4 O-O 7. Bf4 Na6 8. Rd1 Nc7 9. Bd6 Bxd6 10. Qxd6 Nce8 11. Qd4 d6 12. e4 Qc7 13. Nge2 Bd7 14. O-O c5 15. Qd3 a6 16. h3 Rd8 17. g4 Bc6 18. Ng3 g6 19. f4 Nd7 20. b3 Ng7 21. Qxd6 Qa5 22. Qd2 Nf6 23. Nd5 1-0

[Event "CAN-op"]
[Site "Winnipeg CAN"]
[Date "1997.07.15"]
[Round "5"]
[White "Fielding, Gerald"]
[Black "Psakhis, Lev"]
[Result "0-1"]
[WhiteElo "2213"]
[BlackElo "2611"]
[PlyCount "54"]
[GameId "2160767911932636"]
[EventDate "1997.07.12"]
[EventType "swiss"]
[EventRounds "10"]
[EventCountry "CAN"]
[SourceTitle "EXP 60"]
[Source "ChessBase"]
[SourceDate "1997.11.24"]
[SourceVersion "1"]
[SourceVersionDate "1997.11.24"]
[SourceQuality "1"]

1. d4 Nf6 2. c4 e6 3. Nf3 c5 4. d5 exd5 5. cxd5 d6 6. Nc3 g6 7. e4 a6 8. a4 Bg4 9. Be2 Bxf3 10. Bxf3 Nbd7 11. O-O Bg7 12. Qc2 O-O 13. Bg5 h6 14. Bh4 Re8 15. Rfe1 c4 16. Be2 Rc8 17. a5 Rc5 18. f3 Rxa5 19. Bxc4 Rc5 20. Bf1 Rc8 21. Rec1 Ne5 22. Qb3 Qe7 23. Na4 g5 24. Bf2 g4 25. Nb6 Rxc1 26. Rxc1 gxf3 27. gxf3 Nxe4 0-1

[Event "CAN-op"]
[Site "Winnipeg CAN"]
[Date "1997.07.15"]
[Round "5"]
[White "Gardner, Robert"]
[Black "Sekhar, Ganesan"]
[Result "1-0"]
[WhiteElo "2305"]
[BlackElo "1949"]
[PlyCount "99"]
[GameId "2160767911932638"]
[EventDate "1997.07.12"]
[EventType "swiss"]
[EventRounds "10"]
[EventCountry "CAN"]
[SourceTitle "EXP 60"]
[Source "ChessBase"]
[SourceDate "1997.11.24"]
[SourceVersion "1"]
[SourceVersionDate "1997.11.24"]
[SourceQuality "1"]

1. e4 e5 2. f4 Nc6 3. Nf3 Bc5 4. fxe5 Nxe5 5. Nxe5 Qh4+ 6. g3 Qxe4+ 7. Qe2 Qxh1 8. Ng6+ Be7 9. Nxh8 d6 10. d3 Be6 11. Bf4 Nf6 12. Nc3 Qc6 13. Bg2 Qb6 14. O-O-O Kd7 15. Nxf7 Bxf7 16. Bh3+ Kd8 17. Re1 Bf8 18. Bg5 d5 19. Nxd5 Qd6 20. c4 c6 21. Bf4 cxd5 22. Bxd6 Bxd6 23. Be6 Bg6 24. cxd5 a5 25. Qc2 Nxd5 26. Bxd5 Rc8 27. Bc4 b5 28. Qd2 bxc4 29. Qxa5+ Kd7 30. Qb5+ Kd8 31. dxc4 Rc5 32. Qb6+ Kd7 33. b3 Rc6 34. Qb7+ Rc7 35. Qb5+ Rc6 36. Rd1 Kc7 37. Rxd6 Rxd6 38. Qc5+ Kd7 39. Qa7+ Kc6 40. Qxg7 Re6 41. b4 Re2 42. b5+ Kc5 43. Qc7+ Kb4 44. b6 Kc3 45. Kd1 Rxh2 46. b7 Bd3 47. Qe5+ Kxc4 48. b8=Q Rh1+ 49. Kd2 Rh2+ 50. Ke3 1-0

[Event "CAN-op"]
[Site "Winnipeg CAN"]
[Date "1997.07.15"]
[Round "5"]
[White "Gentes, Kevin"]
[Black "Cabanas, Francisco"]
[Result "1/2-1/2"]
[WhiteElo "2385"]
[BlackElo "1991"]
[PlyCount "105"]
[GameId "2160767911932639"]
[EventDate "1997.07.12"]
[EventType "swiss"]
[EventRounds "10"]
[EventCountry "CAN"]
[SourceTitle "EXP 60"]
[Source "ChessBase"]
[SourceDate "1997.11.24"]
[SourceVersion "1"]
[SourceVersionDate "1997.11.24"]
[SourceQuality "1"]

1. g3 d5 2. Bg2 Nf6 3. Nf3 c6 4. b3 Bf5 5. Bb2 Nbd7 6. d3 e6 7. O-O Bd6 8. e4 dxe4 9. dxe4 Nxe4 10. Bxg7 Rg8 11. Bb2 Qc7 12. Nbd2 O-O-O 13. Nxe4 Bxe4 14. Qe2 f5 15. Nd2 Bxg2 16. Kxg2 f4 17. Ne4 Be7 18. Qh5 Rdf8 19. Qxh7 Qd8 20. Rad1 Qe8 21. Nd6+ Bxd6 22. Rxd6 Rf7 23. Qh6 Nf8 24. Rfd1 f3+ 25. Kg1 Rd7 26. Rxd7 Nxd7 27. Qe3 Qf7 28. Rd3 Rf8 29. Qxa7 Qf5 30. Rxd7 Kxd7 31. Qxb7+ Kd8 32. Qb8+ Kd7 33. Qb7+ Kd8 34. Qxc6 Rf7 35. Qa8+ Kd7 36. Qb7+ Kd8 37. Qb8+ Kd7 38. Qb7+ Kd8 39. Qa8+ Kd7 40. Qa4+ Kd8 41. Qh4+ Kc8 42. h3 Rc7 43. Qg4 Qxg4 44. hxg4 Rxc2 45. Bd4 Rxa2 46. g5 Kd7 47. g4 Kd6 48. b4 e5 49. Bc5+ Ke6 50. Kh2 Rb2 51. Kg3 Rb1 52. Be3 Rxb4 53. Kxf3 1/2-1/2

[Event "CAN-op"]
[Site "Winnipeg CAN"]
[Date "1997.07.15"]
[Round "5"]
[White "Gofshtein, Leonid"]
[Black "Spraggett, Kevin"]
[Result "1/2-1/2"]
[WhiteElo "2545"]
[BlackElo "2575"]
[PlyCount "34"]
[GameId "2160767911932640"]
[EventDate "1997.07.12"]
[EventType "swiss"]
[EventRounds "10"]
[EventCountry "CAN"]
[SourceTitle "CBM 060 Extra"]
[Source "ChessBase"]
[SourceDate "1997.11.04"]
[SourceVersion "1"]
[SourceVersionDate "1997.11.04"]
[SourceQuality "1"]

1. e4 c6 2. d4 d5 3. exd5 cxd5 4. c4 Nf6 5. Nc3 e6 6. Nf3 Bb4 7. cxd5 Nxd5 8. Qc2 Nc6 9. Bd3 Ba5 10. Be4 h6 11. O-O O-O 12. Rd1 Qd6 13. Qb3 Rd8 14. Bb1 Bxc3 15. bxc3 g6 16. Nd2 f5 17. Nc4 Qc7 1/2-1/2

[Event "CAN-op"]
[Site "Winnipeg CAN"]
[Date "1997.07.15"]
[Round "5"]
[White "Gottlieb, Jonathan"]
[Black "Huber, Gregory"]
[Result "0-1"]
[WhiteElo "2036"]
[BlackElo "2363"]
[PlyCount "151"]
[GameId "2160767911932641"]
[EventDate "1997.07.12"]
[EventType "swiss"]
[EventRounds "10"]
[EventCountry "CAN"]
[SourceTitle "EXP 60"]
[Source "ChessBase"]
[SourceDate "1997.11.24"]
[SourceVersion "1"]
[SourceVersionDate "1997.11.24"]
[SourceQuality "1"]

1. e4 c5 2. Nf3 d6 3. d4 cxd4 4. Nxd4 Nf6 5. Nc3 a6 6. Be3 e6 7. f3 Nbd7 8. Qd2 b5 9. g4 h6 10. h4 Bb7 11. O-O-O Nb6 12. Be2 Nfd7 13. g5 Ne5 14. b3 d5 15. f4 Ba3+ 16. Kb1 Ned7 17. g6 Qe7 18. gxf7+ Qxf7 19. f5 exf5 20. Nxf5 g6 21. Nxh6 Qg7 22. Rdf1 Bb4 23. e5 d4 24. Qxd4 Bc5 25. Qg4 Bxe3 26. Qe6+ Qe7 27. Qxg6+ Kd8 28. Nf7+ Kc7 29. Qd6+ Qxd6 30. exd6+ Kb8 31. Rh3 Re8 32. Bf3 Bd4 33. Bxb7 Kxb7 34. h5 Rf8 35. Ne2 Bf6 36. Nh6 Bg7 37. Rxf8 Rxf8 38. Ng4 Rf1+ 39. Nc1 Nd5 40. h6 Bh8 41. c4 Nf4 42. Re3 Kc6 43. cxb5+ axb5 44. h7 Rh1 45. Re8 Rxh7 46. Ne3 Rh2 47. Rc8+ Kxd6 48. Rc2 Rh1 49. Rd2+ Kc6 50. Nf5 Nc5 51. Rd6+ Kc7 52. Rh6 Rf1 53. Rh7+ Kb6 54. Rh6+ Ka5 55. Rxh8 Nfd3 56. Kc2 Rxc1+ 57. Kd2 Rf1 58. Nd4 Rf4 59. Ne2 Rf3 60. Ra8+ Kb6 61. Rb8+ Ka6 62. Nd4 Rh3 63. Nc6 Rh6 64. a4 bxa4 65. Nd4 Rd6 66. Kc3 Ne5 67. Ra8+ Kb7 68. Re8 Ne4+ 69. Kc2 Rxd4 70. Rxe5 a3 71. Ra5 a2 72. Kb2 Rd2+ 73. Kc1 Rh2 74. Ra3 Nc5 75. b4 Nb3+ 76. Kd1 0-1

[Event "CAN-op"]
[Site "Winnipeg CAN"]
[Date "1997.07.15"]
[Round "5"]
[White "Goude, Brian"]
[Black "Haley, Phil"]
[Result "0-1"]
[WhiteElo "1871"]
[BlackElo "1903"]
[PlyCount "76"]
[GameId "2160767911932642"]
[EventDate "1997.07.12"]
[EventType "swiss"]
[EventRounds "10"]
[EventCountry "CAN"]
[SourceTitle "EXP 60"]
[Source "ChessBase"]
[SourceDate "1997.11.24"]
[SourceVersion "1"]
[SourceVersionDate "1997.11.24"]
[SourceQuality "1"]

1. e4 d5 2. exd5 Qxd5 3. Nc3 Qa5 4. d4 Nf6 5. Bd2 c6 6. Nf3 Qc7 7. Bd3 Bg4 8. h3 Bh5 9. Qe2 e6 10. O-O Be7 11. Ne4 Nbd7 12. c4 Nxe4 13. Bxe4 Nf6 14. Bd3 O-O 15. Rac1 Rfe8 16. Rfe1 Rad8 17. Bc3 Qb8 18. Qe3 Bg6 19. Bxg6 hxg6 20. Ne5 Nd7 21. f4 Nf6 22. g4 Bd6 23. Rcd1 Qc7 24. g5 Nh5 25. c5 Bxe5 26. dxe5 Rxd1 27. Rxd1 b6 28. b4 Qb7 29. Kg2 Qa6 30. Rd2 bxc5 31. bxc5 Rb8 32. Kf3 Qf1+ 33. Kg4 Rb1 34. Bd4 Rb4 35. Qf3 Qb1 36. Qd3 Qg1+ 37. Kf3 Qg3+ 38. Ke2 Nxf4+ 0-1

[Event "CAN-op"]
[Site "Winnipeg CAN"]
[Date "1997.07.15"]
[Round "5"]
[White "Grant, Carl"]
[Black "Vukadinov, Milan"]
[Result "0-1"]
[WhiteElo "2125"]
[BlackElo "2396"]
[PlyCount "79"]
[GameId "2160767911932643"]
[EventDate "1997.07.12"]
[EventType "swiss"]
[EventRounds "10"]
[EventCountry "CAN"]
[SourceTitle "EXP 60"]
[Source "ChessBase"]
[SourceDate "1997.11.24"]
[SourceVersion "1"]
[SourceVersionDate "1997.11.24"]
[SourceQuality "1"]

1. c4 Nf6 2. Nc3 c5 3. Nf3 Nc6 4. g3 g6 5. Bg2 Bg7 6. O-O O-O 7. d4 cxd4 8. Nxd4 Nxd4 9. Qxd4 d6 10. Qd2 Rb8 11. b3 a6 12. Bb2 b5 13. cxb5 axb5 14. Nd5 Nxd5 15. Bxg7 Kxg7 16. Bxd5 b4 17. Rfc1 e6 18. Bf3 d5 19. h4 h6 20. Qf4 Rb5 21. a4 bxa3 22. Rxa3 Bb7 23. Rc7 Ba8 24. Raa7 Qf6 25. Qa4 Rbb8 26. b4 Qd4 27. Qd7 Qf6 28. Bg4 Rbe8 29. b5 d4 30. b6 Bd5 31. Ra3 d3 32. exd3 Qb2 33. Rac3 Qxb6 34. h5 Qb1+ 35. Rc1 Qxd3 36. Re1 Qd2 37. Rd1 Qg5 38. hxg6 Qxg6 39. Rd4 Rb8 40. Qa4 0-1